| 000 | 00821nam a2200265Ia 4500 | ||
|---|---|---|---|
| 003 | OSt | ||
| 005 | 20221006153604.0 | ||
| 006 | a|||||r|||| 00| 0 | ||
| 007 | ta | ||
| 008 | 221006b |||||||| |||| 00| 0 eng d | ||
| 024 | _a32,784 | ||
| 037 |
_bGift, 21/11/2007, Korea Foundation _cTextual |
||
| 040 |
_aEASL _cEASL _beng |
||
| 041 |
_2eng _aeng |
||
| 082 | _aV495.C, P7 | ||
| 100 |
_aNortheast Asian History Foundation _9664541 |
||
| 245 | 0 |
_aKoguryo _b A glorious ancient Korean kingdom in northeast Asian |
|
| 260 |
_aSeoul _bNortheast Asian History Foundation _c2007 |
||
| 300 |
_a78p. _ccm. |
||
| 490 | _v KEL | ||
| 650 | _a KEL | ||
| 650 | _aHistory | ||
| 942 |
_hV495.C, P7 _cTEXL _2CC |
||
| 999 |
_c1100870 _d1100870 |
||